Comunidades del Santo Sepulcro - Estadísticas

Estadísticas generales
  • Esta prueba ha sido intentada 20 veces
    9 desde el último reinicio
  • La puntuación promedio es 4 de 6
Respuestas en el mapa
Las respuestas están codificadas por una escala verde-roja en el mapa de la prueba según el % correcto abajo.
 
Estadísticas de respuestas
Answers % Correcto
Armenia
100%
Griega
100%
Romana
100%
Copta
67%
Etíope
33%
Siria
33%
No se encontraron pruebas coincidentes
Distribución de puntuación
Porcentaje de gente con cada puntuación
Porcentaje por número respondido
Historial de tus puntuaciones
No has intentado esta prueba desde el último reinicio